Most Populated Cities in States #2 - Statistics

General Stats
  • This quiz has been taken 21 times
  • The average score is 14 of 25
Answer Stats
State City Population Answer % Correct
Florida 478,000 Miami
95%
Colorado 749,000 Denver
90%
Connecticut 121,000 Hartford
90%
Florida 404,000 Tampa
90%
Georgia 524,000 Atlanta
85%
Delaware 38,000 Dover
85%
Florida 290,000 Orlando
85%
Florida 929,000 Jacksonville
80%
Connecticut 143,000 Bridgeport
75%
Colorado 489,000 Colorado Springs
75%
Connecticut 130,000 New Haven
65%
Georgia 141,000 Savannah
65%
Delaware 69,000 Wilmington
65%
Colorado 388,000 Aurora
60%
Connecticut 129,000 Stamford
50%
Georgia 199,000 Augusta
45%
Florida 267,000 St. Petersburg
45%
Colorado 174,000 Fort Collins
40%
Delaware 33,000 Newark
30%
Georgia 198,000 Columbus
25%
Connecticut 106,000 Waterbury
20%
Colorado 160,000 Lakewood
15%
Delaware 23,000 Middletown
10%
Delaware 20,000 Bear
5%
Georgia 153,000 Macon County
5%
No matching quizzes found
Score Distribution
Percent of People with Each Score
Percentile by Number Answered
Your Score History
You have not taken this quiz